| 000 | 01287cam a2200361 a 4500 | ||
|---|---|---|---|
| 001 | 3180841 | ||
| 003 | OSt | ||
| 005 | 20231006135031.0 | ||
| 008 | 761006s1977 nyu b 001 0 eng | ||
| 010 | _a 76047046 | ||
| 020 | _a9780143105824 | ||
| 020 |
_a0670129410 : _c$16.95 |
||
| 040 |
_aDLC _cDLC _dDLC |
||
| 041 | 1 |
_aeng _hfre |
|
| 050 | 0 | 0 |
_aRC455 _b.D42213 |
| 082 | 0 | 0 |
_a194 _bDEL/A |
| 100 | 1 |
_aDeleuze, Gilles, _d1925-1995 _99685 |
|
| 240 | 1 | 0 |
_aAnti-Œdipe. _lEnglish |
| 245 | 1 | 0 |
_aAnti-Oedipus : _bcapitalism and schizophrenia / _cby Gilles Deleuze and Félix Guattari ; translated from the French by Robert Hurley, Mark Seem, and Helen R. Lane. |
| 260 |
_aNew York : _bViking Press, _c1977. |
||
| 300 |
_axxiv, 400 p. ; _c25 cm. |
||
| 500 | _aTranslation of L'anti-Œdipe. | ||
| 500 | _a"A Richard Seaver book." | ||
| 504 | _aIncludes bibliographical references and index. | ||
| 650 | 0 | _aSocial psychiatry. | |
| 650 | 0 |
_aPsychoanalysis _xSocial aspects. |
|
| 650 | 0 |
_aOedipus complex _xSocial aspects. |
|
| 650 | 0 | _aCapitalism. | |
| 650 | 0 |
_aSchizophrenia _xSocial aspects. |
|
| 700 | 1 |
_aGuattari, Félix, _d1930-1992, _ejoint author. |
|
| 906 |
_a7 _bcbc _corignew _d1 _eocip _f19 _gy-gencatlg |
||
| 942 |
_2ddc _cBK _h194 _iDEL/A _k194 _mDEL/A |
||
| 999 |
_c42556 _d42556 |
||